| 000 | 00000nas 2200000za 4500 |
| 001 | 9.501818 |
| 003 | CaOODSP |
| 005 | 20221107133017 |
| 007 | cr ||||||||||| |
| 008 | 150406d20012008oncar p oss f0 b0fre|d |
| 022 | |a1712-4786 |
| 040 | |aCaOODSP|bfre |
| 043 | |an-cn--- |
| 086 | 1 |aCS21-207F-PDF |
| 222 | 0|aStatistiques sur les revenus des familles agricoles |
| 245 | 00|aStatistiques sur les revenus des familles agricoles |h[ressource électronique]. |
| 260 | |aOttawa : |bStatistique Canada, |c2005-2011. |
| 310 | |aAnnuel |
| 362 | 1 |aParaît depuis 2001; ne paraît plus après 2008. |
| 500 | |aPublié aussi en anglais sous le titre : Statistics on income of farm families. |
| 520 | 3 |aRenferme de l'information sur les sources et le niveau des revenus agricole et hors ferme des familles agricoles selon la province, le type de ferme (basé sur le Système de classification des industries de l'Amérique du Nord) et la typologie (basée sur l'âge de l'exploitant, la dépendance du revenu agricole et le niveau de revenu). On y trouve aussi des tableaux indiquant la répartition des revenus des familles agricoles. Comprend en outre des faits saillants et des renseignements sur les concepts, les méthodes et la qualité des données. On y présente aussi un article sur les tendances qui se dégagent des données. |
| 550 | |aPubl. par: Section des projets des données complètes sur les exploitations agricoles. |
| 692 | 07|2gccst|aExploitation agricole |
| 692 | 07|2gccst|aRevenu |
| 710 | 1 |aCanada.|bStatistique Canada.|bSection des projets des données complètes sur les exploitations agricoles. |
| 775 | 08|tStatistics on income of farm families |w(CaOODSP)9.505419 |
| 780 | 00|tStatistiques sur les revenus agricole et non agricole |w(CaOODSP)9.501355 |